[Event "34ème Open International d'Avoine"]
[Site "AVOINE"]
[Date "2019.07.20"]
[Round "1.8"]
[White "Haub, Thorsten Michael"]
[Black "Harutyunyan, Safar"]
[Result "1-0"]
[WhiteElo "2404"]
[BlackElo "2149"]
[PlyCount "93"]
[EventDate "2019.??.??"]
[WhiteTeam "L'Echiquier Dieppois"]
[BlackTeam "Echiquier Club Le Mans"]

1. g3 {[%emt 0:00:03]} e5 {[%emt 0:00:39]} 2. Bg2 {[%emt 0:00:05]} d5 {
[%emt 0:00:00]} 3. d3 {[%emt 0:00:21]} Nc6 {[%emt 0:00:45]} 4. Nd2 {
[%emt 0:00:21]} Be6 {[%emt 0:00:49]} 5. a3 {[%emt 0:00:26]} Qd7 {[%emt 0:01:43]
} 6. b4 {[%emt 0:00:00]} f6 {[%emt 0:01:12]} 7. Nb3 {[%emt 0:03:46]} h5 {
[%emt 0:03:17]} 8. h3 {[%emt 0:05:34]} h4 {[%emt 0:02:10]} 9. g4 {
[%emt 0:00:09]} a5 {[%emt 0:05:40]} 10. c3 {[%emt 0:14:43]} a4 {[%emt 0:13:06]}
11. Nd2 {[%emt 0:02:16]} Nd8 {[%emt 0:02:42]} 12. c4 {[%emt 0:10:21]} c6 {
[%emt 0:01:51]} 13. c5 {[%emt 0:02:00]} g6 {[%emt 0:01:20]} 14. Bb2 {
[%emt 0:06:13]} Bg7 {[%emt 0:04:43]} 15. Qc2 {[%emt 0:00:43]} Ne7 {
[%emt 0:04:24]} 16. e3 {[%emt 0:01:27]} f5 {[%emt 0:23:00]} 17. gxf5 {
[%emt 0:03:29]} Nxf5 {[%emt 0:06:37]} 18. Ne2 {[%emt 0:00:42]} O-O {
[%emt 0:04:33]} 19. O-O-O {[%emt 0:03:59]} Nf7 {[%emt 0:01:29]} 20. Rdg1 {
[%emt 0:07:37]} Rfc8 {[%emt 0:07:44]} 21. Bf3 {[%emt 0:07:14]} Kh7 {
[%emt 0:02:00]} 22. Rg2 {[%emt 0:03:58]} Bh6 {[%emt 0:03:22]} 23. Bg4 {
[%emt 0:10:13]} Bxe3 {[%emt 0:03:26]} 24. Bxf5 {[%emt 0:00:06]} Bxd2+ {
[%emt 0:00:06]} 25. Qxd2 {[%emt 0:00:07]} Bxf5 {[%emt 0:02:17]} 26. f4 {
[%emt 0:00:08]} e4 {[%emt 0:03:00]} 27. Qe1 {[%emt 0:01:08]} Qe7 {
[%emt 0:01:01]} 28. Nd4 {[%emt 0:01:22]} Nh6 {[%emt 0:03:19]} 29. Rg5 {
[%emt 0:01:37]} Re8 {[%emt 0:00:52]} 30. Qxh4 {[%emt 0:00:57]} exd3 {
[%emt 0:02:12]} 31. Nxf5 {[%emt 0:04:41]} gxf5 {[%emt 0:01:17]} 32. Rg7+ {
[%emt 0:00:26]} Qxg7 {[%emt 0:00:02]} 33. Bxg7 {[%emt 0:00:14]} Kxg7 {
[%emt 0:00:04]} 34. Rg1+ {[%emt 0:01:01]} Kh7 {[%emt 0:00:07]} 35. Qg5 {
[%emt 0:00:36]} Rg8 {[%emt 0:00:22]} 36. Qe7+ {[%emt 0:00:29]} Kh8 {
[%emt 0:00:06]} 37. Rg5 {[%emt 0:01:10]} Rae8 {[%emt 0:02:12]} 38. Rxg8+ {
[%emt 0:00:28]} Rxg8 {[%emt 0:00:07]} 39. Qxb7 {[%emt 0:00:08]} Rg3 {
[%emt 0:01:16]} 40. Qxc6 {[%emt 0:00:36]} Rxh3 {[%emt 0:00:09]} 41. Qf6+ {
[%emt 0:01:43]} Kh7 {[%emt 0:00:00]} 42. c6 {[%emt 0:00:14]} Rh1+ {
[%emt 0:00:08]} 43. Kd2 {[%emt 0:00:12]} Rh2+ {[%emt 0:00:09]} 44. Kxd3 {
[%emt 0:00:08]} Rh3+ {[%emt 0:00:12]} 45. Kd4 {[%emt 0:00:21]} Rf3 {
[%emt 0:00:25]} 46. c7 {[%emt 0:00:21]} Rxf4+ {[%emt 0:00:00]} 47. Kxd5 {
[%emt 0:00:20]} 1-0

[Event "34ème Open International d'Avoine"]
[Site "AVOINE"]
[Date "2019.07.20"]
[Round "1.9"]
[White "Viers, Matthieu"]
[Black "Travadon, Loic"]
[Result "0-1"]
[WhiteElo "2144"]
[BlackElo "2403"]
[PlyCount "72"]
[EventDate "2019.??.??"]
[WhiteTeam "C.E.I. Toulouse"]
[BlackTeam "Cergy Pontoise Echecs"]

1. e4 {[%emt 0:00:09]} e5 {[%emt 0:00:04]} 2. Nf3 {[%emt 0:00:11]} d6 {
[%emt 0:00:00]} 3. Bc4 {[%emt 0:00:05]} Nf6 {[%emt 0:00:05]} 4. Nc3 {
[%emt 0:00:07]} Be7 {[%emt 0:00:04]} 5. O-O {[%emt 0:00:13]} O-O {
[%emt 0:00:10]} 6. d4 {[%emt 0:00:05]} exd4 {[%emt 0:00:04]} 7. Nxd4 {
[%emt 0:00:04]} Re8 {[%emt 0:00:20]} 8. h3 {[%emt 0:01:46]} Nbd7 {
[%emt 0:00:26]} 9. Re1 {[%emt 0:06:23]} Bf8 {[%emt 0:00:43]} 10. Bg5 {
[%emt 0:05:47]} h6 {[%emt 0:00:25]} 11. Bh4 {[%emt 0:00:00]} Ne5 {
[%emt 0:00:14]} 12. Bb3 {[%emt 0:03:21]} c6 {[%emt 0:02:55]} 13. Bg3 {
[%emt 0:13:43]} Qc7 {[%emt 0:03:42]} 14. Nf3 {[%emt 0:09:38]} b5 {
[%emt 0:00:00]} 15. Nxe5 {[%emt 0:02:48]} dxe5 {[%emt 0:00:02]} 16. Qf3 {
[%emt 0:00:29]} Bc5 {[%emt 0:05:24]} 17. a4 {[%emt 0:04:08]} b4 {[%emt 0:04:11]
} 18. Nd1 {[%emt 0:03:08]} Nh7 {[%emt 0:01:26]} 19. Bh4 {[%emt 0:02:05]} Ng5 {
[%emt 0:08:00]} 20. Bxg5 {[%emt 0:04:39]} hxg5 {[%emt 0:00:02]} 21. Ne3 {
[%emt 0:00:08]} Qe7 {[%emt 0:00:42]} 22. Rad1 {[%emt 0:01:05]} Bd4 {
[%emt 0:06:07]} 23. Nc4 {[%emt 0:11:17]} Be6 {[%emt 0:03:17]} 24. c3 {
[%emt 0:04:38]} bxc3 {[%emt 0:00:00]} 25. bxc3 {[%emt 0:00:01]} Bc5 {
[%emt 0:00:10]} 26. Na5 {[%emt 0:00:57]} Qc7 {[%emt 0:00:35]} 27. Bxe6 {
[%emt 0:06:03]} Rxe6 {[%emt 0:02:15]} 28. Nb3 {[%emt 0:01:20]} Rf6 {
[%emt 0:01:10]} 29. Qxf6 {[%emt 0:00:05]} gxf6 {[%emt 0:00:00]} 30. Nxc5 {
[%emt 0:00:05]} Qa5 {[%emt 0:01:26]} 31. Nd7 {[%emt 0:00:17]} Kg7 {
[%emt 0:00:34]} 32. Rd6 {[%emt 0:00:47]} Rd8 {[%emt 0:01:34]} 33. Red1 {
[%emt 0:03:03]} Qxa4 {[%emt 0:02:23]} 34. f3 {[%emt 0:01:53]} a5 {
[%emt 0:01:00]} 35. R1d3 {[%emt 0:03:14]} Qc2 {[%emt 0:01:01]} 36. Nxf6 {
[%emt 0:01:42]} Qxd3 {[%emt 0:00:38]} 0-1

[Event "34ème Open International d'Avoine"]
[Site "AVOINE"]
[Date "2019.07.20"]
[Round "1.10"]
[White "Ollier, Pablo"]
[Black "Frick, Christoph"]
[Result "1-0"]
[WhiteElo "2381"]
[BlackElo "2134"]
[PlyCount "79"]
[EventDate "2019.??.??"]
[WhiteTeam "Echiquier Médocain"]
[BlackTeam "Mulhouse Philidor"]

1. d4 {[%emt 0:00:04]} d5 {[%emt 0:00:06]} 2. c4 {[%emt 0:00:11]} c6 {
[%emt 0:00:00]} 3. Nc3 {[%emt 0:00:41]} Nf6 {[%emt 0:00:15]} 4. e3 {
[%emt 0:00:19]} e6 {[%emt 0:00:22]} 5. Nf3 {[%emt 0:00:29]} Nbd7 {
[%emt 0:00:06]} 6. Qc2 {[%emt 0:00:00]} Bd6 {[%emt 0:00:54]} 7. g4 {
[%emt 0:01:01]} Nxg4 {[%emt 0:05:17]} 8. Rg1 {[%emt 0:00:34]} Qf6 {
[%emt 0:03:41]} 9. Rxg4 {[%emt 0:00:58]} Qxf3 {[%emt 0:00:08]} 10. Rxg7 {
[%emt 0:00:45]} h5 {[%emt 0:15:20]} 11. h3 {[%emt 0:11:28]} Qf6 {[%emt 0:07:27]
} 12. Rg1 {[%emt 0:05:35]} b6 {[%emt 0:09:49]} 13. e4 {[%emt 0:04:25]} Qxd4 {
[%emt 0:03:06]} 14. Be3 {[%emt 0:02:10]} Qf6 {[%emt 0:04:00]} 15. O-O-O {
[%emt 0:02:58]} d4 {[%emt 0:10:41]} 16. e5 {[%emt 0:05:18]} Bxe5 {
[%emt 0:09:14]} 17. Ne4 {[%emt 0:00:48]} Qe7 {[%emt 0:12:02]} 18. Bxd4 {
[%emt 0:01:21]} Bf4+ {[%emt 0:00:53]} 19. Be3 {[%emt 0:02:20]} Bxe3+ {
[%emt 0:00:00]} 20. fxe3 {[%emt 0:01:09]} Kd8 {[%emt 0:00:20]} 21. Qh2 {
[%emt 0:14:02]} e5 {[%emt 0:00:35]} 22. Rg7 {[%emt 0:01:04]} Kc7 {
[%emt 0:03:47]} 23. Qf2 {[%emt 0:05:23]} Rf8 {[%emt 0:00:20]} 24. Be2 {
[%emt 0:00:16]} Nc5 {[%emt 0:01:00]} 25. Nxc5 {[%emt 0:02:17]} bxc5 {
[%emt 0:00:19]} 26. Bxh5 {[%emt 0:04:48]} Bxh3 {[%emt 0:00:26]} 27. Qg3 {
[%emt 0:03:45]} Qe6 {[%emt 0:06:44]} 28. b3 {[%emt 0:00:31]} Rad8 {
[%emt 0:05:59]} 29. Rxd8 {[%emt 0:04:26]} Kxd8 {[%emt 0:00:00]} 30. Qe1 {
[%emt 0:04:30]} Kc8 {[%emt 0:04:12]} 31. Qh4 {[%emt 0:08:30]} Qf5 {
[%emt 0:00:47]} 32. Qe7 {[%emt 0:03:03]} Rd8 {[%emt 0:00:43]} 33. Rxf7 {
[%emt 0:00:35]} Qd7 {[%emt 0:00:36]} 34. Qxc5 {[%emt 0:08:52]} Qd2+ {
[%emt 0:00:00]} 35. Kb1 {[%emt 0:00:06]} Qe1+ {[%emt 0:00:14]} 36. Kb2 {
[%emt 0:00:34]} Rd2+ {[%emt 0:03:08]} 37. Ka3 {[%emt 0:00:10]} Qc1+ {
[%emt 0:00:50]} 38. Kb4 {[%emt 0:00:06]} Bd7 {[%emt 0:00:32]} 39. Bg4 {
[%emt 0:02:27]} a5+ {[%emt 0:00:00]} 40. Qxa5 {[%emt 0:00:10]} 1-0

[Event "34ème Open International d'Avoine"]
[Site "AVOINE"]
[Date "2019.07.20"]
[Round "1.11"]
[White "Budak, Rewi"]
[Black "Mullon, Jean-Baptiste"]
[Result "0-1"]
[WhiteElo "2132"]
[BlackElo "2378"]
[Annotator "Smith,John"]
[PlyCount "82"]
[EventDate "2019.??.??"]

1. e4 {[%emt 0:00:00]} c5 {[%eval 0,0] [%emt 0:00:00]} 2. d4 {[%emt 0:00:00]}
cxd4 {[%eval 0,0] [%emt 0:00:00]} 3. Nf3 {[%emt 0:00:09]} e6 {[%emt 0:00:00]}
4. c3 {[%emt 0:00:00]} d5 {[%emt 0:00:00]} 5. Qxd4 {[%emt 0:00:00]} Nc6 {
[%eval 42,16] [%emt 0:00:16]} 6. Bb5 {[%emt 0:00:00]} Bd7 {
[%eval -3,16] [%emt 0:00:13]} 7. Bxc6 bxc6 8. e5 Ne7 9. O-O Nf5 10. Qf4 h6 11.
Nd4 Ne7 12. Na3 Qb8 13. Re1 c5 14. Nb3 Ng6 15. Qe3 Qb6 16. Qe2 a5 17. c4 a4 18.
Nd2 Be7 19. Nf1 Rb8 20. Rb1 Qc7 21. Qh5 d4 22. Ng3 Bc6 23. f4 Nh4 24. f5 exf5
25. Nxf5 Nxf5 26. Qxf5 Bd7 27. e6 Bxe6 28. Rxe6 fxe6 29. Qg6+ Kd7 30. Bd2 Qe5
31. Qc2 Ra8 32. g3 Rhf8 33. Bf4 Qf5 34. Qg2 Ra7 35. Re1 g5 36. Bd2 Qf3 37. Qh3
Rf6 38. Nb1 Rb7 39. b3 axb3 40. a4 Bd8 41. a5 Ra7 0-1

[Event "34ème Open International d'Avoine"]
[Site "AVOINE"]
[Date "2019.07.20"]
[Round "1.12"]
[White "Colin, Vincent"]
[Black "Rubino, William"]
[Result "1-0"]
[WhiteElo "2370"]
[BlackElo "2130"]
[PlyCount "125"]
[EventDate "2019.??.??"]
[WhiteTeam "Les Tours des Hauts de France - St Quentin"]
[BlackTeam "Echiquier du Gâtinais"]

1. d4 d5 2. c4 e6 3. Nc3 c6 4. Nf3 dxc4 5. g3 b5 6. Bg2 Bb7 7. O-O Qc8 8. e4 b4
9. Na4 Nd7 10. Re1 Ngf6 11. Bg5 c5 12. d5 e5 13. Bxf6 gxf6 14. Nd2 Ba6 15. Bh3
Bb5 16. a3 Qc7 17. Bf1 Nb6 18. Nxb6 Qxb6 19. Nxc4 Bxc4 20. Bxc4 a5 21. Qa4+ Kd8
22. axb4 cxb4 23. d6 Bxd6 24. Bxf7 Ke7 25. Bd5 Ra7 26. Re3 Rc8 27. Rf3 Qd4 28.
Qb3 a4 29. Rxa4 Rxa4 30. Qxa4 Qxb2 31. Qa7+ Rc7 32. Qa8 Qc1+ 33. Kg2 Rc8 34.
Qa6 Qc7 35. Bb3 Qc6 36. Qd3 Qb7 37. Bd5 Qd7 38. Qd2 Rf8 39. Qh6 Kd8 40. Rxf6
Rxf6 41. Qxf6+ Kc7 42. h4 Kb6 43. h5 Kb5 44. Bb3 Qe7 45. Qf5 Bc5 46. Kh3 Kc6
47. f3 Kd6 48. g4 Bf2 49. g5 Be3 50. Kg4 Qd7 51. Qxd7+ Kxd7 52. Kf5 Ke7 53. g6
Bh6 54. Kxe5 Bg7+ 55. Kf5 h6 56. e5 Bh8 57. f4 Bg7 58. Ba4 Bh8 59. g7 Bxg7 60.
Kg6 Kf8 61. Bb3 Bh8 62. Kh7 Bg7 63. Bc4 1-0

[Event "34ème Open International d'Avoine"]
[Site "AVOINE"]
[Date "2019.07.20"]
[Round "1.13"]
[White "Burille, Matthieu"]
[Black "Stephan, Victor"]
[Result "0-1"]
[WhiteElo "2121"]
[BlackElo "2358"]
[PlyCount "62"]
[EventDate "2019.??.??"]

1. e4 c5 2. Nf3 d6 3. d4 cxd4 4. Nxd4 Nf6 5. Nc3 a6 6. h3 e6 7. g4 Be7 8. g5
Nfd7 9. Be3 b5 10. a3 Bb7 11. h4 Qc7 12. Qd2 Ne5 13. f4 Nc4 14. Bxc4 Qxc4 15.
O-O-O Nd7 16. h5 Rc8 17. g6 Nf6 18. gxf7+ Kxf7 19. e5 Ne4 20. Nxe4 Bxe4 21.
Rhf1 Qa2 22. Qb4 d5 23. Qa5 Qa1+ 24. Kd2 Qxb2 25. f5 Bxc2 26. fxe6+ Ke8 27. Ke1
Bh4+ 28. Rf2 Bxd1 29. Qxa6 Bxf2+ 30. Bxf2 Qc3+ 31. Kxd1 Qd3+ 0-1

[Event "34ème Open International d'Avoine"]
[Site "AVOINE"]
[Date "2019.07.20"]
[Round "1.14"]
[White "Lejarre, Ludovic"]
[Black "Le, Quan Anh"]
[Result "0-1"]
[WhiteElo "2345"]
[BlackElo "2119"]
[PlyCount "78"]
[EventDate "2019.??.??"]

1. e4 e5 2. Nf3 Nc6 3. Bc4 Nf6 4. d3 Be7 5. O-O O-O 6. Re1 d6 7. a4 Be6 8. a5
d5 9. exd5 Bxd5 10. Bxd5 Qxd5 11. Nc3 Qc5 12. Nxe5 Nxe5 13. d4 Qc6 14. dxe5
Rad8 15. Qe2 Nd5 16. Nxd5 Rxd5 17. a6 f6 18. exf6 Bxf6 19. axb7 Qxb7 20. c3 a5
21. Be3 Rb5 22. Qc4+ Kh8 23. Rad1 Rxb2 24. Bc5 Rg8 25. Qf7 c6 26. Qe8 Qb8 27.
Qxc6 Bxc3 28. Rf1 Qc8 29. Qd6 Bb4 30. Rc1 Qb8 31. Qa6 Qa8 32. Qd6 Bxc5 33. Rxc5
a4 34. Qe5 Qb8 35. Qd4 a3 36. g3 a2 37. Ra5 Rb1 38. Kg2 Rd8 39. Qa4 a1=Q 0-1

[Event "34ème Open International d'Avoine"]
[Site "AVOINE"]
[Date "2019.07.20"]
[Round "1.15"]
[White "Afraoui, Anaelle"]
[Black "Eden, James"]
[Result "0-1"]
[WhiteElo "2110"]
[BlackElo "2343"]
[PlyCount "64"]
[EventDate "2019.??.??"]

1. e4 e5 2. Nf3 Nc6 3. Bb5 Nf6 4. O-O Nxe4 5. d4 Nd6 6. dxe5 Nxb5 7. a4 Nbd4 8.
Nxd4 Nxd4 9. Qxd4 d5 10. exd6 Qxd6 11. Re1+ Be6 12. Qe4 O-O-O 13. Nc3 Qb4 14.
Bg5 Qxe4 15. Nxe4 Rd5 16. Rad1 h6 17. Rxd5 Bxd5 18. Bd2 f5 19. Nc3 Bf7 20. Nb5
a6 21. Nd4 g6 22. Bc3 Bg7 23. h4 Re8 24. Rxe8+ Bxe8 25. b3 Bf6 26. g3 g5 27.
hxg5 hxg5 28. f4 gxf4 29. gxf4 Bh5 30. Ne2 Bh4 31. Kf1 Bg4 32. Be1 Bh3+ 0-1

[Event "34ème Open International d'Avoine"]
[Site "AVOINE"]
[Date "2019.07.20"]
[Round "1.16"]
[White "Shirazi, Kamran"]
[Black "Gely, Yann"]
[Result "1-0"]
[WhiteElo "2343"]
[BlackElo "2110"]
[PlyCount "75"]
[EventDate "2019.??.??"]

1. c4 c5 2. b4 d6 3. bxc5 dxc5 4. Bb2 Nc6 5. Nf3 Nf6 6. g3 e6 7. Bg2 Be7 8. O-O
O-O 9. d3 Rb8 10. Nc3 a6 11. Nd2 Bd7 12. a4 Nb4 13. a5 Bc6 14. f3 b5 15. axb6
Qxb6 16. Na4 Qa7 17. Be5 Rb7 18. Ne4 Nd7 19. Bf4 Nb6 20. Nac3 a5 21. Be3 a4 22.
Qc1 Qa5 23. Ra3 Nd7 24. Nd2 Rfb8 25. h3 Bf6 26. f4 Bxg2 27. Kxg2 Nc6 28. Nde4
Bxc3 29. Qxc3 Qxc3 30. Nxc3 Rb3 31. Rfa1 Nb4 32. Rxb3 axb3 33. Ra7 Nc2 34. Bf2
Rd8 35. Rb7 Nb4 36. Bxc5 Nxd3 37. Be7 N3c5 38. Rc7 1-0

[Event "34ème Open International d'Avoine"]
[Site "AVOINE"]
[Date "2019.07.20"]
[Round "1.17"]
[White "Wlodarczyk, Cyril"]
[Black "Deslandes, Pascal"]
[Result "1/2-1/2"]
[WhiteElo "2098"]
[BlackElo "2341"]
[PlyCount "72"]
[EventDate "2019.??.??"]

1. e4 e6 2. d3 d5 3. Qe2 dxe4 4. dxe4 e5 5. Nf3 Nd7 6. Nc3 Bb4 7. Qc4 c5 8. Bd2
Bxc3 9. Qxc3 Ngf6 10. Bc4 O-O 11. Qe3 Nb6 12. Be2 Re8 13. Bc3 Qc7 14. Nd2 Na4
15. O-O Bd7 16. Rad1 Bc6 17. f3 Rad8 18. Nc4 Nxc3 19. Qxc3 Rd4 20. Ne3 Bd7 21.
Bc4 b5 22. Bd5 Qb6 23. Qe1 c4 24. Qf2 Be6 25. Bxe6 fxe6 26. c3 Rd3 27. Rxd3
cxd3 28. Ng4 Qd6 29. Nxf6+ gxf6 30. Qxa7 d2 31. Rd1 Qd3 32. Kf2 Rd8 33. Qe7 Rd6
34. Qe8+ Kg7 35. Qe7+ Kg8 36. Qe8+ Kg7 1/2-1/2

[Event "34ème Open International d'Avoine"]
[Site "AVOINE"]
[Date "2019.07.20"]
[Round "1.18"]
[White "Daeschler, Florian"]
[Black "Duchateau, Thomas"]
[Result "1-0"]
[WhiteElo "2334"]
[BlackElo "2096"]
[Annotator "Smith,John"]
[PlyCount "63"]
[EventDate "2019.??.??"]

1. d4 {[%emt 0:00:00]} Nf6 {[%eval 0,0] [%emt 0:00:00]} 2. c4 g6 3. g3 c5 4. d5
d6 5. Bg2 Bg7 6. Nc3 e6 7. Nf3 exd5 8. cxd5 O-O 9. O-O Re8 10. Bf4 h6 11. Nd2
g5 12. Be3 Bf5 13. Nc4 Na6 14. Bd2 Ne4 15. Nxe4 Bxe4 16. Bxe4 Rxe4 17. Qc2 Re8
18. Ne3 Qf6 19. Bc3 Qg6 20. Nf5 Bxc3 21. bxc3 Re5 22. e4 Rae8 23. Rae1 c4 24.
f4 gxf4 25. Rxf4 Kf8 26. Ref1 Nc5 27. Nh4 Qh5 28. Qf2 Nxe4 29. Rxf7+ Kg8 30.
Rf8+ Rxf8 31. Qxf8+ Kh7 32. Rf7+ 1-0

[Event "34ème Open International d'Avoine"]
[Site "AVOINE"]
[Date "2019.07.20"]
[Round "1.19"]
[White "Gouanelle, Franck"]
[Black "Hautot, Stephane"]
[Result "1-0"]
[WhiteElo "2094"]
[BlackElo "2328"]
[Annotator "Smith,John"]
[PlyCount "87"]
[EventDate "2019.??.??"]

1. d4 d5 2. Bf4 Nf6 3. e3 c5 4. c3 e6 5. Nd2 Bd6 6. Bg3 O-O 7. Ngf3 b6 8. Bd3
Ba6 9. Qe2 Bxd3 10. Qxd3 h6 11. Bxd6 Qxd6 12. Ne5 Nfd7 13. f4 Nc6 14. Nxd7 Qxd7
15. O-O c4 16. Qe2 b5 17. e4 Rab8 18. a3 Rfe8 19. Rf2 a5 20. Nf3 f6 21. h3 b4
22. axb4 axb4 23. e5 f5 24. g4 fxg4 25. hxg4 Ra8 26. Rxa8 Rxa8 27. Kg2 Ra2 28.
Qe3 Qf7 29. Nh4 Ne7 30. f5 exf5 31. Nxf5 Nxf5 32. gxf5 Qh5 33. Qf3 Qxf3+ 34.
Kxf3 bxc3 35. bxc3 Ra3 {( = )} 36. e6 Rxc3+ 37. Kf4 Rh3 38. Ke5 Kf8 39. Ra2 Rb3
40. Ra8+ Ke7 41. Rg8 c3 42. Rxg7+ Kd8 43. Rd7+ Kc8 44. Rxd5 1-0

[Event "34ème Open International d'Avoine"]
[Site "AVOINE"]
[Date "2019.07.20"]
[Round "1.20"]
[White "Gao, Etienne"]
[Black "Julien, Jules-Alois"]
[Result "1/2-1/2"]
[WhiteElo "2306"]
[BlackElo "2093"]
[PlyCount "81"]
[EventDate "2019.??.??"]

1. e4 c5 2. Nf3 d6 3. d4 cxd4 4. Nxd4 Nf6 5. Nc3 Nc6 6. Bg5 e6 7. Qd2 a6 8. f4
h6 9. Bxf6 Qxf6 10. Nf3 g5 11. fxg5 hxg5 12. Qxg5 Qxg5 13. Nxg5 Bg7 14. Bd3
Bxc3+ 15. bxc3 Ne5 16. Nf3 Bd7 17. Nxe5 dxe5 18. Kd2 O-O-O 19. Ke3 Rdg8 20. g3
f5 21. exf5 exf5 22. Raf1 f4+ 23. gxf4 Rh3+ 24. Kd2 Rg2+ 25. Kc1 exf4 26. Rxf4
Rgxh2 27. Rd1 Rh1 28. Bf1 Rh7 29. Rf8+ Kc7 30. Bd3 Rxd1+ 31. Kxd1 Rh2 32. Kc1
Bc6 33. c4 Rh5 34. Kb2 Kb6 35. Kb3 Kc5 36. Kc3 Rg5 37. Rf7 Rh5 38. Kb3 Rg5 39.
a3 Rh5 40. Bf5 Rg5 41. Bd3 1/2-1/2

[Event "34ème Open International d'Avoine"]
[Site "AVOINE"]
[Date "2019.07.20"]
[Round "1.21"]
[White "Lemonnier, Remi"]
[Black "Viel, Simon"]
[Result "1-0"]
[WhiteElo "2093"]
[BlackElo "2301"]
[PlyCount "55"]
[EventDate "2019.??.??"]

1. e4 e6 2. d4 d5 3. e5 c5 4. c3 Nc6 5. Nf3 Bd7 6. Bd3 cxd4 7. cxd4 Qb6 8. O-O
Nxd4 9. Nbd2 Nxf3+ 10. Nxf3 Bb5 11. Be3 Qa6 12. Bxb5+ Qxb5 13. Rc1 Qd7 14. Qe2
Ne7 15. Nd4 a6 16. Rc2 h6 17. Rfc1 Rc8 18. f4 g6 19. Rxc8+ Nxc8 20. Qc2 Ne7 21.
Qc7 Nc6 22. Qb6 Nd8 23. b3 Qe7 24. Rc8 Bg7 25. Bd2 O-O 26. Bb4 Qd7 27. Rc7 Qe8
28. Re7 1-0

[Event "34ème Open International d'Avoine"]
[Site "AVOINE"]
[Date "2019.07.20"]
[Round "1.22"]
[White "Eugene, Floryan"]
[Black "David, Alexandre"]
[Result "1-0"]
[WhiteElo "2300"]
[BlackElo "2091"]
[Annotator "Smith,John"]
[PlyCount "55"]
[EventDate "2019.??.??"]

1. e4 {[%emt 0:00:00]} e6 {[%emt 0:00:00]} 2. d4 d5 3. Nd2 Nf6 4. e5 Ng8 5.
Ngf3 b6 6. c3 a5 7. Bd3 Ba6 8. Nf1 Bxd3 9. Qxd3 Nc6 10. Ng3 g6 11. h4 h5 12.
Bg5 Be7 13. O-O Bxg5 14. Nxg5 Nge7 15. Qf3 Nf5 16. Nxf5 gxf5 17. Rfd1 Ne7 18.
Rac1 a4 19. Nh3 Ng6 20. g3 b5 21. Qe2 c6 22. b3 Nxh4 23. gxh4 Qxh4 24. Kh2 Rg8
25. Rg1 Ke7 26. b4 Rg4 27. f3 Rag8 28. Qe1 1-0

[Event "34ème Open International d'Avoine"]
[Site "AVOINE"]
[Date "2019.07.20"]
[Round "1.23"]
[White "Reeder, Andy"]
[Black "Devallee, Jeremie"]
[Result "0-1"]
[WhiteElo "2090"]
[BlackElo "2299"]
[Annotator "Smith,John"]
[PlyCount "88"]
[EventDate "2019.??.??"]

1. d4 {[%emt 0:00:00]} Nf6 {[%eval 0,0] [%emt 0:00:01]} 2. Bg5 d5 3. Bxf6 gxf6
4. Nf3 c5 5. dxc5 e5 6. e3 Bxc5 7. c4 Be6 8. cxd5 Qxd5 9. Qxd5 Bxd5 10. Nc3 Be6
11. Bb5+ Nd7 12. O-O O-O-O 13. Ne4 Be7 14. Rfd1 Nb6 15. Rdc1+ Kb8 16. a4 a6 17.
Be2 Rc8 18. a5 Nd5 19. Ned2 Rxc1+ 20. Rxc1 Bb4 21. Nc4 Rc8 22. Rd1 Rc5 23. Nfd2
Ne7 24. b3 f5 25. Nf3 Nc6 26. Ng5 Kc7 27. Nxh7 Nxa5 28. Nxa5 Bxa5 29. h4 Bxb3
30. Rb1 Bc2 31. Ra1 f4 32. Ng5 fxe3 33. Nxf7 exf2+ 34. Kxf2 Bc3 35. Rh1 Bd4+
36. Kg3 a5 37. Bd1 Bg6 38. Ng5 Bf5 39. h5 Rc3+ 40. Kh2 Be3 41. Nh3 Bd7 42. Bf3
a4 43. Bd5 a3 44. Bg8 Bc5 0-1

[Event "34ème Open International d'Avoine"]
[Site "AVOINE"]
[Date "2019.07.20"]
[Round "1.24"]
[White "Heurtebize, Olivier"]
[Black "Kern, Nicolas"]
[Result "1-0"]
[WhiteElo "2298"]
[BlackElo "2085"]
[Annotator "Smith,John"]
[PlyCount "69"]
[EventDate "2019.??.??"]

1. d4 {[%emt 0:00:00]} d5 2. c4 c6 3. Nf3 Nf6 4. e3 Bg4 5. Nc3 e6 6. h3 Bh5 7.
Qb3 Qb6 8. Ne5 Bb4 9. c5 Qa5 10. Bd2 b6 11. Nd3 bxc5 12. dxc5 Bxc3 13. Bxc3 Qc7
14. Be5 Qa5+ 15. Bc3 Qc7 16. Qa4 Nbd7 17. f4 Ne4 18. Bxg7 Rg8 19. Be5 Qd8 20.
h4 Rg3 21. Bd4 Ke7 22. Nf2 Ndf6 23. Qa6 Rb8 24. a3 Rb3 25. Rh3 Rxh3 26. Nxh3
Ng4 27. Bd3 Kf8 28. Bxe4 Nxe3 29. Bd3 Qxh4+ 30. Kd2 Nxg2 31. Be5 Qxh3 32. Qc8+
Ke7 33. Bd6+ Kf6 34. Qd8+ Kg7 35. Bf8+ 1-0

[Event "34ème Open International d'Avoine"]
[Site "AVOINE"]
[Date "2019.07.20"]
[Round "1.25"]
[White "Cau, Benjamin"]
[Black "Perrin, Guillaume"]
[Result "1/2-1/2"]
[WhiteElo "2073"]
[BlackElo "2289"]
[PlyCount "124"]
[EventDate "2019.??.??"]

1. e4 c5 2. c3 g6 3. d4 cxd4 4. cxd4 d5 5. e5 Nc6 6. Nc3 Bg7 7. Be3 f6 8. f4
Nh6 9. Nf3 O-O 10. Qb3 Bg4 11. Qxd5+ Qxd5 12. Nxd5 Bxf3 13. gxf3 Rad8 14. Nc7
Nf5 15. Kf2 Nfxd4 16. Bc4+ Kh8 17. exf6 Bxf6 18. Rad1 Bh4+ 19. Kg2 Nf5 20. Bc1
Rxd1 21. Rxd1 Rc8 22. Ne6 Bf6 23. b3 a6 24. Rd7 b5 25. Bd3 Nb4 26. Bb1 Nd6 27.
Bd2 Nc6 28. Bd3 Kg8 29. Rc7 Rxc7 30. Nxc7 Nb8 31. a4 Kf7 32. axb5 axb5 33. Nxb5
Ke6 34. Nc7+ Kd7 35. Nd5 Bd4 36. Nb4 e6 37. Nc2 Bb6 38. Ne3 Nc6 39. Nc4 Bd4 40.
Nxd6 Kxd6 41. b4 Ne7 42. Be4 Nd5 43. Kf1 Bc3 44. Bxc3 Nxc3 45. Kf2 Na2 46. b5
Kc5 47. Bc6 Nb4 48. Be8 Nd5 49. Kg3 Nc7 50. Bd7 Nxb5 51. Bxe6 Nd4 52. Bg8 Nf5+
53. Kh3 h6 54. Bh7 Ne7 55. Kg4 Kd6 56. f5 Nxf5 57. Bxg6 Ng7 58. f4 Ke6 59. f5+
Kf6 60. Kf4 h5 61. h4 Nxf5 62. Bxf5 Kg7 1/2-1/2

[Event "34ème Open International d'Avoine"]
[Site "AVOINE"]
[Date "2019.07.20"]
[Round "1.26"]
[White "Sandu, Mihaela"]
[Black "Laplanche, Denis"]
[Result "1-0"]
[WhiteElo "2286"]
[BlackElo "2073"]
[PlyCount "153"]
[EventDate "2019.??.??"]
[BlackTeam "Caen Alekhine"]

1. e4 c5 2. Nf3 d6 3. d4 cxd4 4. Nxd4 Nf6 5. Nc3 a6 6. Be2 e5 7. Nb3 Be6 8. O-O
Nbd7 9. a4 Qc7 10. a5 Be7 11. Be3 O-O 12. Qd2 Bxb3 13. cxb3 Nc5 14. Nd5 Nxd5
15. Qxd5 Qc6 16. Rac1 Qxd5 17. exd5 Nxb3 18. Rc7 Bf6 19. Rxb7 Nxa5 20. Rb6 Rfb8
21. Ra1 Rxb6 22. Bxb6 Nb3 23. Ra3 Nc5 24. b4 Nd7 25. Bc7 Rc8 26. Bxd6 Nb6 27.
Rxa6 Nxd5 28. g3 h6 29. Bf3 Rc1+ 30. Kg2 Nc3 31. Bc5 e4 32. Bg4 Be5 33. Ra8+
Kh7 34. Re8 Bf6 35. Bf5+ g6 36. Bxe4 Nxe4 37. Rxe4 Rb1 38. Re8 g5 39. Kf3 Kg6
40. h3 h5 41. Re4 Bc3 42. Rc4 Be1 43. Ke2 f5 44. Be3 f4 45. Rc6+ Kf5 46. Rc5+
Kg6 47. gxf4 gxf4 48. Bxf4 Bxb4 49. Rg5+ Kf6 50. Rxh5 Bf8 51. Kf3 Kg6 52. Rd5
Be7 53. Kg4 Rb4 54. Kf3 Rb3+ 55. Kg2 Rb7 56. Bg3 Rb4 57. f4 Rb3 58. h4 Ra3 59.
Kh3 Ra1 60. Rb5 Bd8 61. Kg4 Ra4 62. Rb8 Rd4 63. Ra8 Rd3 64. h5+ Kf7 65. Ra7+
Kg8 66. Bf2 Rd2 67. Be3 Rd3 68. Bc5 Rd5 69. Ba3 Rd3 70. Bb2 Rd2 71. Be5 Rg2+
72. Kf5 Bb6 73. Rb7 Bc5 74. h6 Rh2 75. Rg7+ Kf8 76. h7 Rh5+ 77. Ke4 1-0